000 00989nam a2200289 i 4500
003 CO-BoRNBP
005 20250123090650.0
007 ta
008 250123s2024 Uy a|||| |||| 00| 0 spa d
020 _a9789974904958
040 _aCO-BoRNBP
_bspa
_cCO-BoRNBP
_erda
041 _aspa
084 _aC LEE
100 _aLee, Andy
_eautor
_957669
245 1 0 _aPor favor no abrir este libro de nuevo
_bEl primer libro era mejor/
_cAndy Lee, ilustraciones, Heath McKenzie,
250 _aPrimera edición
264 4 _aMontevideo, Uruguay
_b©Latinbooks International S.A.
_c2024
300 _a28 páginas,
_bilustraciones a color, tapa dura,
_calto 28 cm ancho 24 cm
336 _2rdacontent
_atexto
_btxt
337 _2rdamedia
_asin mediación
_bn
338 _2rdacarrier
_avolumen
_bnc
650 _2LEMB
_aLiteratura infantil
_92746
650 _2LEMB
_aCuento infantil
_916411
650 _2LEMB
_aInteractivo
_957517
650 _2LEMB
_aAmigos
_vdiversión
_957670
942 _2ddc
_cBKINF
999 _c56813
_d56813